01307cam a22003377a 4500003000500000005001700005008004100022010001000063011001000073035001000083040000900093090001000102100003400112245017100146260004300317300001900360502012200379590003700501590004100538590004100579590004200620650002200662650002300684650002600707901000700733905002600740942001000766949004900776999001700825952012700842CHAP20220329142732.0010920d2001 mx r 00110 spa d a87059 a88031 a98576 cCHAP aTesis00aTafoya Rangel, Felipe911134010aAislamiento e identificación de la feromona de agregación del picudo del nopal Metamasius spinolae (Gylh.) (Coleoptera : curculionidae)c/por Felipe Tafoya Rangel aMontecillo, Méx. :bEl autor,c2003. a56 h. :bilus. aTesis (Doctor en Ciencias Esp. en Entomología y Acarología) -- Colegio de Postgraduados. Instituto de Fitosanidad aALEPHb10c20130110lUCH01h1453 aBATCH-UPDb10c20130110lUCH01h0317 aBATCH-UPDb10c20130110lUCH01h1755 aCONVERSIONb10c20130109lUCH01h134814aFeromonas.94035814aMetamasius.97517514aNopalxPlagas.981689 aBK aAlejandra Carrasco M. cTESIS aTesisbBCcTESd985761eTS1h40758i98576sb c87059d87059 00102local4051708TESISaBCbBCcPA_TESISd2019-12-31fTESISl0oTesisp985761r2019-12-31 00:00:00w2019-12-31yTESIS